00413 a2200157 4500001000700000003000400007005001700011008004100028082001600069100002100085245007900106250001200185260002800197300001000225700002000235066509OSt20210930161140.0  a338.9bC99P1 aCypher, James M.1 aThe process of economic developmentcby James M. Cypher and James L. Dietz a3rd ed. aLondonbRoutledgec2009 a613p. aDietz, James L.